00726nam a2200241 a 4500001001300000003000900013005001700022008004100039020000900080082001900089100002500108245004400133260003400177300000900211500003500220505003200255650002200287700002500309902000800334942000700342952011800349999001700467nice12345678IN_TiNIC20260116013506.0050524s1989 dela grp 000 0 urd  ac5000a500.80297bNAD aNadvi, Ibrahim Imadi aMusalmaan Sciencedaan Awr Unki Khidmaat aDelhibMaktaba Alhasnatc1989 a256p aincludes index and biblioraphy2 aAppendix, References, Index aQuran and Science1 aNadvi, Ibrahim Imadi bSRS cBK 001040708StackRoom-aHMIbHMId2007-06-11g50.00l0o500.80297 NADp016150r2007-06-11v50.00w2005-05-24yBK c11191d11191